| 000 | 00691nam a2200205Ia 4500 | ||
|---|---|---|---|
| 003 | GCL | ||
| 008 | 140319s9999 xx 000 0 ara d | ||
| 040 |
_aGCL / _cGCL |
||
| 082 | 0 | 4 |
_aق _b327.620624 _bم م |
| 100 | 1 | _aمحسن محمد | |
| 245 | 1 | 0 |
_aمصر والسودان : الانفصال بالوثائق السرية البريطانية والامريكية / _cمحسن محمد |
| 300 | _a322 ص | ||
| 490 | _a | ||
| 650 | 0 | 4 | _aمصر |
| 650 | 0 | 4 | _aالعلاقات الخارجية |
| 650 | 0 | 4 | _aالحكم المصرى البريطانى |
| 650 | 0 | 4 | _aالوثائق السياسية |
| 650 | 0 | 4 | _aالسودان - الاستعمارالبريطانى |
| 942 |
_2ddc _cBK |
||
| 999 |
_c39352 _d39352 |
||